|
|
|
|
| LEADER |
00000nam a22000007a 4500 |
| 005 |
20170319215839.0 |
| 007 |
cr|||| |||| |
| 008 |
170319s2013 es |||||s|||| 00||0 spa d |
| 020 |
|
|
|a 978-84-91232-10-0
|
| 035 |
|
|
|a 14851
|
| 040 |
|
|
|a vLex
|
| 090 |
|
|
|c 6615
|d 6615
|
| 245 |
0 |
0 |
|a Gobernanza democrt̀ica
|h [Recurso electrn̤ico] /
|
| 256 |
|
|
|a Servicio en ln̕ea
|
| 260 |
|
|
|a Madrid:
|b Marcial Pons,
|c 2013
|
| 300 |
|
|
|a 1 recurso electrn̤ico (332 p.)
|
| 506 |
1 |
|
|a Disponible solo en los productos indicados
|d vLex Global
|d vLex Global (Academic Edition, excluding Law Schools)
|d vLex Global (U.S. Academic Edition, Law Schools)
|d vLex Global (U.S. Academic Edition, excluding Law Schools)
|d vLex Global (Academic Edition, Law Schools)
|
| 650 |
0 |
4 |
|a Derecho Pb︢lico y Administrativo
|z Espaą
|
| 650 |
0 |
4 |
|a Derecho Constitucional
|z Espaą
|
| 650 |
0 |
4 |
|a Derecho Internacional
|z Espaą
|
| 740 |
0 |
|
|a vLex Libros (Servicio en ln̕ea)
|
| 856 |
4 |
0 |
|u http://vlex.com/source/gobernanza-democratica-14851
|z Acceso restringido
|
| 942 |
|
|
|c BOOK
|
| 999 |
0 |
|
|a Public and Administrative Law
|
| 999 |
0 |
|
|a Constitutional Law
|
| 999 |
0 |
|
|a International Law
|